[Event "?"]
[Site "?"]
[Date "2020.01.05"]
[Round "5.1"]
[White "Varkentin, Wilhelm"]
[Black "Saathoff, Richard"]
[Result "1/2-1/2"]
[WhiteElo "1965"]
[BlackElo "2117"]
[PlyCount "67"]
[EventDate "2020.??.??"]
[WhiteTeam "SC JÄKLECHEMIE"]
[BlackTeam "SW Nürnberg Süd"]

1. c4 Nf6 2. Nc3 g6 3. e4 d6 4. g3 Bg7 5. Bg2 O-O 6. Nge2 c5 7. O-O Nc6 8. d3
Rb8 9. Rb1 a6 10. a3 Ne8 11. b4 cxb4 12. axb4 b5 13. cxb5 axb5 14. Qc2 Bd7 15.
Be3 Nc7 16. d4 Na6 17. Na2 Rc8 18. Qd3 Qc7 19. f4 e5 20. fxe5 dxe5 21. d5 Nd4
22. Nxd4 exd4 23. Bxd4 Qc2 24. Qxc2 Rxc2 25. Bxg7 Kxg7 26. Rf2 Rfc8 27. Rb2
Rxb2 28. Rxb2 Rc4 29. Kf2 Kf6 30. Ke3 Ke5 31. Kd2 f5 32. exf5 Bxf5 33. Nc3 Nxb4
34. Nxb5 1/2-1/2

[Event "?"]
[Site "?"]
[Date "2020.01.05"]
[Round "5.2"]
[White "Mantel, Ruben"]
[Black "Corral, Carlos"]
[Result "1/2-1/2"]
[WhiteElo "2138"]
[BlackElo "2015"]
[PlyCount "81"]
[EventDate "2020.??.??"]
[WhiteTeam "SC Noris-Tarrasch Nürnberg"]
[BlackTeam "SC Noris-Tarrasch Nürnberg"]

1. d4 d5 2. Nf3 Nf6 3. g3 c6 4. Bg2 e6 5. O-O Bd6 6. Nbd2 O-O 7. b3 Nbd7 8. Bb2
c5 9. e3 cxd4 10. exd4 Re8 11. Ne5 Nf8 12. f4 Qe7 13. a4 b6 14. a5 Ba6 15. Re1
b5 16. c4 bxc4 17. bxc4 Rab8 18. Nc6 Qc7 19. Nxb8 Rxb8 20. c5 Bxf4 21. Bc3 Bh6
22. Rb1 Rc8 23. Bf1 Bxf1 24. Rxf1 Bxd2 25. Qxd2 Ne4 26. Qd3 f5 27. a6 Ng6 28.
Bd2 Qd8 29. Rb7 h5 30. Bf4 Qa5 31. Qb5 Qc3 32. Rxg7+ Kxg7 33. Qd7+ Kf6 34. Qxc8
Qxd4+ 35. Kh1 Nf2+ 36. Kg2 Ng4 37. Qd8+ Kf7 38. Qd7+ Kf6 39. Qd8+ Kf7 40. Qd7+
Kf6 41. Qd8+ 1/2-1/2

[Event "?"]
[Site "?"]
[Date "2020.01.05"]
[Round "5.3"]
[White "Ulusoy, Tolga"]
[Black "Riexinger, Martin"]
[Result "0-1"]
[WhiteElo "2039"]
[BlackElo "1828"]
[PlyCount "66"]
[EventDate "2020.??.??"]
[WhiteTeam "SC Noris-Tarrasch Nürnberg"]
[BlackTeam "SW Nürnberg Süd"]

1. e4 d6 2. d4 Nf6 3. Nc3 g6 4. f4 Bg7 5. Nf3 O-O 6. e5 Nfd7 7. h4 h5 8. f5
Nxe5 9. dxe5 Bxf5 10. Bf4 Nc6 11. Qe2 dxe5 12. Rd1 Nd4 13. Nxd4 exd4 14. Qc4 c6
15. Ne2 e5 16. Bg5 Qb6 17. Qb3 Qxb3 18. cxb3 f6 19. Bd2 Bg4 20. Rc1 Rfd8 21.
Ng3 d3 22. Ne4 f5 23. Nc5 e4 24. Nxb7 Be5 25. Bxd3 Rxd3 26. Bg5 Bg3+ 27. Kf1 e3
28. Bxe3 Rxe3 29. Rh3 Bxh3 30. gxh3 Rae8 31. Rxc6 Bxh4 32. Rxg6+ Kh7 33. Ra6
Rf3+ 0-1

[Event "?"]
[Site "?"]
[Date "2020.01.05"]
[Round "5.4"]
[White "Haubold, Martin"]
[Black "Müller, Christian"]
[Result "1-0"]
[WhiteElo "2086"]
[BlackElo "1393"]
[PlyCount "65"]
[EventDate "2020.??.??"]
[WhiteTeam "SC Noris-Tarrasch Nürnberg"]
[BlackTeam "SW Nürnberg Süd"]

1. d4 d5 2. Nf3 Nf6 3. g3 Bf5 4. c4 c6 5. Nbd2 h6 6. Bg2 e6 7. O-O Nbd7 8. b3
Bd6 9. Bb2 O-O 10. a3 a5 11. h3 Ne4 12. Nxe4 Bxe4 13. Nd2 Bxg2 14. Kxg2 Nf6 15.
Qc2 Qc7 16. e4 dxe4 17. Nxe4 Be7 18. Rfe1 Nxe4 19. Rxe4 Bf6 20. Rae1 Rfd8 21.
Rg4 Rd6 22. d5 Bxb2 23. Qxb2 f6 24. dxe6 Qe7 25. Rge4 Rad8 26. R1e2 b6 27. b4
Rd3 28. bxa5 bxa5 29. Qb6 Rxa3 30. Qxc6 Rd6 31. Qc5 Ra1 32. Qxd6 Qxd6 33. e7
1-0

[Event "?"]
[Site "?"]
[Date "2020.01.05"]
[Round "5.5"]
[White "Grimm, Pascal"]
[Black "Danninger, Hugo"]
[Result "1-0"]
[WhiteElo "1922"]
[BlackElo "1795"]
[PlyCount "33"]
[EventDate "2020.??.??"]
[WhiteTeam "SV Postbauer"]
[BlackTeam "Zabo-Eintracht Nürnberg"]

1. d4 e6 2. Bf4 Nf6 3. e3 d5 4. Nf3 Bd6 5. Ne5 Nbd7 6. Nd2 Nf8 7. Bd3 Ng6 8.
Bg3 Nd7 9. f4 Ndxe5 10. fxe5 Be7 11. Qg4 Bh4 12. Nf3 Bxg3+ 13. hxg3 Kd7 14. Ng5
Qg8 15. O-O-O h6 16. Nxf7 Qxf7 17. Rdf1 1-0

[Event "?"]
[Site "?"]
[Date "2020.01.05"]
[Round "5.6"]
[White "Erlbeck, Peter"]
[Black "Holl, Manfred"]
[Result "1/2-1/2"]
[WhiteElo "2056"]
[BlackElo "2044"]
[PlyCount "52"]
[EventDate "2020.??.??"]
[WhiteTeam "SW Nürnberg Süd"]
[BlackTeam "SW Nürnberg Süd"]

1. e4 c5 2. Nc3 Nc6 3. f4 e6 4. Nf3 a6 5. Be2 d5 6. d3 dxe4 7. dxe4 Qxd1+ 8.
Bxd1 Bd6 9. Be3 b6 10. O-O Nge7 11. Na4 Bc7 12. c3 Bb7 13. Bc2 O-O 14. Rad1
Rfd8 15. Kf2 Rxd1 16. Rxd1 Rd8 17. b3 Rxd1 18. Bxd1 Ng6 19. g3 Nge7 20. Bc2 h6
21. Nd2 Nc8 22. e5 Kf8 23. a3 Ke8 24. b4 cxb4 25. axb4 N6e7 26. c4 Nf5 1/2-1/2

[Event "?"]
[Site "?"]
[Date "2020.01.05"]
[Round "5.7"]
[White "Süß, Helmut"]
[Black "Redzepovic, Irfan"]
[Result "0-1"]
[WhiteElo "1814"]
[BlackElo "2056"]
[PlyCount "130"]
[EventDate "2020.??.??"]
[WhiteTeam "SC Noris-Tarrasch Nürnberg"]
[BlackTeam "SW Nürnberg Süd"]

1. d4 Nf6 2. Bg5 Ne4 3. Bf4 c5 4. f3 Nf6 5. dxc5 Qa5+ 6. Qd2 Qxc5 7. Qc3 Na6 8.
Qxc5 Nxc5 9. e4 g6 10. Bc4 Bg7 11. Nc3 d6 12. Nge2 a6 13. a4 Bd7 14. a5 Rc8 15.
Ba2 O-O 16. Be3 Rc7 17. Bd4 Be6 18. Bxe6 Nxe6 19. Bb6 Rc4 20. Ra4 Rfc8 21. Rxc4
Rxc4 22. Kf2 Nd7 23. Be3 Nd8 24. Bd2 Nc6 25. Ra1 Rc5 26. Ra3 Rxa5 27. Rxa5 Nxa5
28. b3 Nc6 29. Nd5 e6 30. Nb4 Nd4 31. Nxd4 Bxd4+ 32. Ke2 Kf8 33. Nd3 Ke7 34. h3
Ne5 35. c3 Ba7 36. Nxe5 dxe5 37. c4 Kd6 38. Kd3 f5 39. Ba5 Kc6 40. Bc3 Bb8 41.
Bb4 Bd6 42. Bc3 g5 43. g4 f4 44. Bb2 b5 45. Bc3 b4 46. Bb2 a5 47. Kc2 Bc7 48.
Ba1 Kd6 49. Kd3 Bb6 50. Bb2 Bd4 51. Bc1 Kc5 52. Bd2 a4 53. bxa4 b3 54. Ba5 b2
55. Kc2 Kxc4 56. Bd8 b1=Q+ 57. Kxb1 Kd3 58. a5 Ke2 59. Bb6 Kxf3 60. Bxd4 exd4
61. a6 d3 62. a7 d2 63. a8=Q d1=Q+ 64. Kb2 Qe2+ 65. Kc1 Qxe4 0-1

[Event "?"]
[Site "?"]
[Date "2020.01.05"]
[Round "5.8"]
[White "Wettermann, Bernd"]
[Black "Vogiatzis, Dimitrios"]
[Result "0-1"]
[WhiteElo "1760"]
[BlackElo "2085"]
[PlyCount "80"]
[EventDate "2020.??.??"]
[WhiteTeam "Zabo-Eintracht Nürnberg"]
[BlackTeam "SC Noris-Tarrasch Nürnberg"]

1. e4 e5 2. Nf3 d5 3. exd5 Bd6 4. Nc3 Nf6 5. d3 h6 6. Be3 O-O 7. Be2 Re8 8. O-O
Nbd7 9. Qd2 Nb6 10. Bxb6 axb6 11. a3 Bf8 12. h3 Nxd5 13. Nxd5 Qxd5 14. Qc3 c6
15. Rae1 Bd7 16. d4 e4 17. Ne5 b5 18. f3 e3 19. Bd1 Rxe5 20. dxe5 Bc5 21. Be2
Bd4 22. Qd3 Bxb2 23. f4 Rxa3 24. Qxd5 cxd5 25. Rb1 Ra2 26. Rfd1 Bc6 27. Kf1 d4
28. g4 Bc3 29. Bd3 Kf8 30. h4 Ke7 31. Ke2 b4 32. g5 hxg5 33. hxg5 Bd5 34. f5 b3
35. Rg1 bxc2 36. Rbc1 Bb3 37. g6 f6 38. e6 Bd2 39. Ra1 c1=Q 40. Rgxc1 Bxc1+ 0-1

[Event "?"]
[Site "?"]
[Date "2020.01.05"]
[Round "5.9"]
[White "Llugiq, Bajram"]
[Black "Nüßlein, Christian"]
[Result "1-0"]
[WhiteElo "1820"]
[BlackElo "1848"]
[PlyCount "67"]
[EventDate "2020.??.??"]
[WhiteTeam "SW Nürnberg Süd"]
[BlackTeam "SGem Nürnberg"]

1. d4 c5 2. Nf3 g6 3. c4 Nf6 4. Nc3 d5 5. Bf4 Nc6 6. e3 cxd4 7. exd4 Bg7 8. Be2
Bg4 9. Be5 dxc4 10. O-O Bxf3 11. Bxf3 Nxe5 12. dxe5 Qxd1 13. Raxd1 Nd7 14. Bxb7
Rd8 15. Bc6 Bxe5 16. Rfe1 Bxc3 17. bxc3 e6 18. Rxd7 Rxd7 19. Rd1 O-O 20. Rxd7
Rc8 21. Ba4 Rb8 22. g3 Rb2 23. Rxa7 Rxa2 24. Ra8+ Kg7 25. Bc6 Rxa8 26. Bxa8 Kf6
27. Kf1 g5 28. Ke2 Ke5 29. Bc6 f5 30. Bb5 Kd5 31. Ke3 e5 32. f4 exf4+ 33. gxf4
h6 34. Be8 1-0

[Event "?"]
[Site "?"]
[Date "2020.01.05"]
[Round "5.10"]
[White "Hamazaspyan, Seryozka"]
[Black "Diebel, Günter"]
[Result "0-1"]
[WhiteElo "1507"]
[BlackElo "1842"]
[PlyCount "74"]
[EventDate "2020.??.??"]
[WhiteTeam "SC JÄKLECHEMIE"]
[BlackTeam "SW Nürnberg Süd"]

1. d4 g6 2. Bf4 Bg7 3. e3 c5 4. c3 cxd4 5. exd4 d5 6. Bd3 Nf6 7. Nd2 O-O 8.
Ngf3 Nc6 9. O-O Re8 10. Ne5 Nh5 11. Nxc6 bxc6 12. Be3 e5 13. dxe5 Bxe5 14. Nf3
Bc7 15. c4 Bg4 16. cxd5 Qxd5 17. Be2 Qxd1 18. Bxd1 Bb6 19. Nd4 Bxd1 20. Rfxd1
Nf6 21. Nc2 Ng4 22. Bxb6 axb6 23. Rd6 Red8 24. Rxc6 Rxa2 25. Rb1 Rxb2 26. Rc1
Rd2 27. h3 Ne5 28. Rc8+ Kg7 29. Ne3 Rxf2 30. R1c2 Rfxc2 31. Rxc2 Rxc2 32. Nxc2
Kf6 33. Kf2 Nc4 34. Ke2 Ke5 35. Kd3 Nd6 36. Ne3 h5 37. g3 b5 0-1

[Event "?"]
[Site "?"]
[Date "2020.01.05"]
[Round "5.11"]
[White "Münzenberg, Dietrich"]
[Black "Albayrak, Aylin"]
[Result "1/2-1/2"]
[WhiteElo "1697"]
[BlackElo "1703"]
[PlyCount "158"]
[EventDate "2020.??.??"]
[WhiteTeam "Zabo-Eintracht Nürnberg"]
[BlackTeam "SC Noris-Tarrasch Nürnberg"]

1. d4 d5 2. Bg5 c6 3. Nf3 Bf5 4. Nbd2 h6 5. Bh4 Nd7 6. e4 dxe4 7. Ne5 Nxe5 8.
dxe5 Qa5 9. c3 Qxe5 10. Qe2 Nf6 11. f3 Qe6 12. Bxf6 Qxf6 13. Nxe4 Bxe4 14. Qxe4
e6 15. O-O-O Be7 16. Bd3 O-O-O 17. Kb1 Qg5 18. g3 Qa5 19. f4 Qb6 20. Bc2 Bf6
21. Bb3 Rxd1+ 22. Rxd1 Qf2 23. Qh1 Qe2 24. Re1 Qg4 25. Bd1 Qf5+ 26. Bc2 Qc5 27.
Rd1 h5 28. Qf3 Re8 29. h3 g6 30. g4 hxg4 31. hxg4 Rh8 32. f5 exf5 33. gxf5 g5
34. Bb3 Qe7 35. Qd3 Be5 36. Qc4 f6 37. Qe4 Rh4 38. Qd3 Bc7 39. Be6+ Kb8 40. Qe2
a6 41. Rd7 Qxd7 42. Bxd7 Rh1+ 43. Kc2 Rh2 44. Kd3 Rxe2 45. Kxe2 Be5 46. Be8 Kc7
47. Bh5 Kd6 48. Kd3 Kc5 49. b3 a5 50. Bf3 b5 51. a3 Bf4 52. b4+ axb4 53. axb4+
Kd6 54. Ke4 c5 55. bxc5+ Kxc5 56. Be2 Bd2 57. Kd3 Be1 58. Kc2 b4 59. cxb4+ Bxb4
60. Kd3 Kd5 61. Ke3 Ke5 62. Bg4 Bc5+ 63. Kf3 Kd4 64. Bh5 Bd6 65. Bf7 Ke5 66.
Kg4 Ke4 67. Bb3 Bf4 68. Bc2+ Ke5 69. Bb3 Bc1 70. Be6 Bf4 71. Bc8 Bc1 72. Ba6
Bf4 73. Bb5 Bc1 74. Be2 Bf4 75. Bf3 Bc1 76. Ba8 Bf4 77. Bh1 Bc1 78. Ba8 Bf4 79.
Bh1 Bc1 1/2-1/2

[Event "?"]
[Site "?"]
[Date "2020.01.05"]
[Round "5.12"]
[White "Pörzgen, Michael"]
[Black "Merdian, Nick"]
[Result "1-0"]
[WhiteElo "1728"]
[BlackElo "1588"]
[PlyCount "43"]
[EventDate "2020.??.??"]
[WhiteTeam "SW Nürnberg Süd"]
[BlackTeam "SC Postbauer-Heng"]

1. d4 Nf6 2. Bf4 e6 3. Nf3 d5 4. e3 Bd6 5. Bg3 Nc6 6. c3 O-O 7. Bd3 Bd7 8. Nbd2
Re8 9. Ne5 Ne7 10. Qc2 Ng6 11. h4 Nf8 12. O-O-O h5 13. Bf4 Bxe5 14. dxe5 N6h7
15. Nf3 c5 16. Rdg1 b5 17. g4 hxg4 18. Rxg4 f6 19. Rhg1 Re7 20. Bh6 f5 21. R4g3
g6 22. h5 1-0

[Event "?"]
[Site "?"]
[Date "2020.01.05"]
[Round "5.13"]
[White "Albayrak, Nese Pinar"]
[Black "Babichev, Vyacheslav"]
[Result "1-0"]
[WhiteElo "1479"]
[BlackElo "1787"]
[PlyCount "127"]
[EventDate "2020.??.??"]
[WhiteTeam "SC Noris-Tarrasch Nürnberg"]
[BlackTeam "SW Nürnberg Süd"]

1. e4 g6 2. d4 d6 3. Nc3 Bg7 4. f4 e6 5. Nf3 Nf6 6. h3 O-O 7. Be3 Nh5 8. g4 Ng3
9. Rg1 Nxf1 10. Rxf1 b6 11. Qd2 Ba6 12. Rh1 Bb7 13. O-O-O f5 14. Ng5 Qe7 15. d5
fxe4 16. Nxe6 Re8 17. f5 Bxc3 18. Qxc3 Nd7 19. Qd4 Nc5 20. Rhf1 Nxe6 21. dxe6
Ba6 22. f6 Qxe6 23. f7+ Kf8 24. fxe8=Q+ Kxe8 25. Qh8+ Kd7 26. Qxh7+ Kc6 27. Qf7
Qe5 28. Bd4 Qg5+ 29. Qf4 Qe7 30. Rfe1 d5 31. Qf6+ Qxf6 32. Bxf6 Rf8 33. g5 Re8
34. Kd2 Kd6 35. Ke3 Bc8 36. c4 c6 37. h4 Bg4 38. Rd2 a6 39. a4 a5 40. Bd4 c5
41. Bf6 d4+ 42. Kf4 e3 43. Rxe3 Rxe3 44. Kxg4 Re4+ 45. Kg3 Re3+ 46. Kf4 Rh3 47.
Kg4 Rh1 48. Bd8 Kc6 49. Rf2 Rg1+ 50. Kf3 Rc1 51. Ke2 Rc2+ 52. Ke1 Rxc4 53. Rf6+
Kd7 54. Bxb6 d3 55. Bxa5 Rxa4 56. Bc3 Rxh4 57. Rxg6 c4 58. Rh6 Rg4 59. g6 Ke6
60. g7+ Kf7 61. Rf6+ Kg8 62. Rf8+ Kh7 63. Rh8+ Kg6 64. g8=Q+ 1-0

[Event "?"]
[Site "?"]
[Date "2020.01.05"]
[Round "5.15"]
[White "Ott, Hans"]
[Black "Hutzler, Udo"]
[Result "1-0"]
[WhiteElo "1545"]
[BlackElo "1425"]
[PlyCount "69"]
[EventDate "2020.??.??"]
[WhiteTeam "SC Stein"]
[BlackTeam "SK Nürnberg"]

1. e4 c6 2. d4 d5 3. e5 Bf5 4. Ne2 e6 5. Ng3 Bg6 6. Be2 Ne7 7. O-O Nd7 8. Nd2
Rc8 9. f4 Qb6 10. Nb3 c5 11. Bd2 a6 12. Rc1 cxd4 13. Ba5 Qa7 14. Nxd4 Nc6 15.
c3 Nxa5 16. f5 exf5 17. Ngxf5 Nxe5 18. Qa4+ Nac6 19. Kh1 Qa8 20. Rce1 b5 21.
Qd1 Be7 22. Nxg7+ Kd8 23. Ngf5 Rc7 24. Nxe7 Rxe7 25. Rf6 Rhe8 26. Nxc6+ Nxc6
27. Qxd5+ Kc7 28. Qd6+ Kb6 29. Qd4+ Kb7 30. Rxc6 Kxc6 31. Bf3+ Kc7 32. Qc5+ Kb8
33. Rxe7 Rxe7 34. Qxe7 Qa7 35. Qd8# 1-0

[Event "?"]
[Site "?"]
[Date "2020.01.05"]
[Round "5.16"]
[White "Nägelein, Yannick"]
[Black "Denninger, David"]
[Result "0-1"]
[WhiteElo "1219"]
[BlackElo "1775"]
[PlyCount "64"]
[EventDate "2020.??.??"]
[WhiteTeam "SV Postbauer"]
[BlackTeam "SC JÄKLECHEMIE"]

1. e4 c5 2. Nf3 d6 3. c3 Nc6 4. d4 cxd4 5. cxd4 Nf6 6. Nc3 Bg4 7. Be2 g6 8. O-O
Bg7 9. d5 Bxf3 10. Bxf3 Ne5 11. Bf4 Nfd7 12. Rc1 a6 13. b3 O-O 14. Re1 Rc8 15.
Qe2 Qa5 16. Bd2 Qb6 17. Rc2 Nxf3+ 18. Qxf3 Bd4 19. Re2 Qa7 20. Be3 Ne5 21. Qg3
b5 22. Bxd4 Qxd4 23. Red2 Qb4 24. f4 Nd7 25. Qe3 Rc5 26. Rd4 Qa3 27. Nb1 Qa5
28. b4 Qa4 29. bxc5 Qxc2 30. Nc3 Nxc5 31. Rd2 Qc1+ 32. Kf2 Qxc3 0-1

[Event "?"]
[Site "?"]
[Date "2020.01.05"]
[Round "5.17"]
[White "Wensky, Michael"]
[Black "Gottlieb, Michael"]
[Result "0-1"]
[WhiteElo "1370"]
[BlackElo "1714"]
[PlyCount "84"]
[EventDate "2020.??.??"]
[WhiteTeam "SC Noris-Tarrasch Nürnberg"]
[BlackTeam "SC Postbauer-Heng"]

1. e4 e5 2. Nf3 Nc6 3. Bc4 Nf6 4. O-O Nxe4 5. d3 Nf6 6. Re1 Be7 7. Nxe5 Nxe5 8.
Rxe5 O-O 9. Qe2 Bd6 10. Re3 Bf4 11. Re7 Bxc1 12. Nc3 Bxb2 13. Re1 Bxc3 14. Qf3
Bxe1 15. Rxe1 Re8 16. Rb1 d5 17. Bb5 c6 18. Ba4 Qa5 19. h4 Qxa4 20. h5 Qg4 21.
h6 Qxf3 22. gxf3 gxh6 23. Kh2 Re5 24. Kg3 b6 25. Rh1 Rg5+ 26. Kf4 Kg7 27. Ke3
Bf5 28. f4 Re8+ 29. Kd4 c5+ 30. Kc3 Rg4 31. a4 Rxf4 32. Kb3 Rxf2 33. a5 Ree2
34. Ra1 Rxc2 35. axb6 axb6 36. Ra7 Rb2+ 37. Ka4 Ra2+ 38. Kb5 Rxa7 39. d4 Rb2+
40. Kc6 Bd3 41. dxc5 Rd7 42. cxb6 Rc2# 0-1

[Event "?"]
[Site "?"]
[Date "2020.01.05"]
[Round "5.18"]
[White "Hahn, Thomas"]
[Black "Dreiseitel, Werner"]
[Result "1/2-1/2"]
[WhiteElo "1866"]
[BlackElo "1593"]
[PlyCount "90"]
[EventDate "2020.??.??"]
[WhiteTeam "Zabo-Eintracht Nürnberg"]
[BlackTeam "SW Nürnberg Süd"]

1. e4 d5 2. exd5 Qxd5 3. Nc3 Qa5 4. d4 c6 5. Bd2 Qc7 6. Bc4 Nf6 7. Nge2 Bg4 8.
f3 Bf5 9. Ng3 Bg6 10. Qe2 e6 11. O-O-O Bd6 12. Nf1 b5 13. Bd3 a5 14. g4 Bxd3
15. Qxd3 Nbd7 16. h4 Nb6 17. Ne3 b4 18. Ne4 Nxe4 19. fxe4 Bf4 20. Nc4 Bxd2+ 21.
Rxd2 Nxc4 22. Qxc4 Qb6 23. Rf1 O-O 24. Qc5 Qa6 25. Rdf2 Qb7 26. g5 a4 27. h5 b3
28. a3 Rad8 29. c3 Qd7 30. g6 f6 31. gxh7+ Kxh7 32. Qc4 Ra8 33. Rg2 Rf7 34.
Rfg1 Ra7 35. Qd3 f5 36. e5 c5 37. Qg3 cxd4 38. Qg6+ Kh8 39. h6 dxc3 40. hxg7+
Rxg7 41. Qf6 cxb2+ 42. Kxb2 Qd4+ 43. Kb1 Qd3+ 44. Kb2 Qd4+ 45. Kb1 Qd3+ 1/2-1/2

[Event "?"]
[Site "?"]
[Date "2020.01.05"]
[Round "5.19"]
[White "Scheitler, Wolfgang"]
[Black "Klinger, Klaus"]
[Result "1-0"]
[WhiteElo "1472"]
[BlackElo "1668"]
[PlyCount "111"]
[EventDate "2020.??.??"]
[WhiteTeam "SW Nürnberg Süd"]
[BlackTeam "Zabo-Eintracht Nürnberg"]

1. e4 c6 2. d4 d5 3. exd5 cxd5 4. c4 Nf6 5. Nf3 e6 6. c5 Nfd7 7. Bf4 Nc6 8. Bb5
a6 9. Bxc6 bxc6 10. Qa4 Bb7 11. O-O Be7 12. Nc3 O-O 13. Qb4 Qc8 14. a4 a5 15.
Qa3 Ba6 16. Rfe1 Qb7 17. Reb1 Qb4 18. Qxb4 axb4 19. Na2 b3 20. Nc3 g5 21. Nxg5
Bxg5 22. Bxg5 f6 23. Bh6 Rfe8 24. f4 Kf7 25. f5 exf5 26. Re1 Rxe1+ 27. Rxe1 Re8
28. Rxe8 Kxe8 29. Bf4 Nf8 30. Kf2 Kf7 31. Ke3 Ne6 32. g3 Kg6 33. Nb1 Kh5 34. h3
Bf1 35. Nd2 Bc4 36. a5 Ba6 37. Nxb3 Nxf4 38. Kxf4 Kg6 39. Nd2 Bc8 40. Nf1 Kf7
41. Ne3 Kg6 42. Nc2 h6 43. Nb4 Bb7 44. a6 Ba8 45. h4 Kh5 46. Nc2 Kg6 47. Ne3
Kf7 48. Kxf5 Kg7 49. h5 Kf7 50. Ng4 Kg7 51. Nxf6 Kf7 52. Ng4 Kg7 53. Ke6 Kh7
54. Nf6+ Kg7 55. Ne8+ Kf8 56. Nc7 1-0

[Event "?"]
[Site "?"]
[Date "2020.01.05"]
[Round "5.20"]
[White "Barnowski, Roman"]
[Black "Steindl, Horst"]
[Result "1-0"]
[WhiteElo "1540"]
[BlackElo "1308"]
[PlyCount "41"]
[EventDate "2020.??.??"]
[WhiteTeam "SW Nürnberg Süd"]
[BlackTeam "SW Nürnberg Süd"]

1. e4 c6 2. d4 d5 3. Nc3 dxe4 4. Nxe4 Nf6 5. f3 Nxe4 6. fxe4 e5 7. Be3 Qh4+ 8.
Bf2 Qxe4+ 9. Qe2 Qxe2+ 10. Bxe2 exd4 11. Bxd4 Bb4+ 12. c3 Bf8 13. Nf3 c5 14.
Bf2 Be7 15. O-O O-O 16. Rfe1 Nc6 17. Bb5 a6 18. Bxc6 bxc6 19. Rxe7 Be6 20. Bxc5
Rfd8 21. Nd4 1-0

[Event "?"]
[Site "?"]
[Date "2020.01.05"]
[Round "5.21"]
[White "Nerreter, Bernd"]
[Black "Schaller, Michael"]
[Result "1-0"]
[WhiteElo "1337"]
[BlackElo "1580"]
[PlyCount "70"]
[EventDate "2020.??.??"]
[WhiteTeam "SC Noris-Tarrasch Nürnberg"]
[BlackTeam "SW Nürnberg Süd"]

1. e4 e5 2. Nf3 d6 3. Nc3 Nf6 4. h3 h6 5. Bc4 Be7 6. d3 c6 7. a3 b5 8. Ba2 Bb7
9. O-O Nbd7 10. Nh2 d5 11. exd5 cxd5 12. Nxb5 d4 13. a4 a6 14. Na3 Bxa3 15.
bxa3 Nc5 16. Ng4 Nfd7 17. Re1 Qc7 18. f4 f6 19. fxe5 fxe5 20. Nxe5 O-O-O 21.
Nf3 Qc6 22. Bb2 Nxa4 23. Bxd4 Nc3 24. Bxc3 Qxc3 25. Bb3 Rhe8 26. Rf1 Ne5 27.
Nxe5 Rxe5 28. Qg4+ Kb8 29. Qf4 Ka8 30. Rad1 Re2 31. Rf2 Rde8 32. Rdf1 Rxf2 33.
Rxf2 Qa1+ 34. Kh2 Qxa3 35. Qf7 Rf8 1-0

[Event "?"]
[Site "?"]
[Date "2020.01.05"]
[Round "5.22"]
[White "Dreiseitel, Ursula"]
[Black "Sethi, Aaron"]
[Result "1-0"]
[WhiteElo "1480"]
[BlackElo "886"]
[PlyCount "31"]
[EventDate "2020.??.??"]
[WhiteTeam "SW Nürnberg Süd"]
[BlackTeam "SC Noris-Tarrasch Nürnberg"]

1. d4 d5 2. Bf4 Nc6 3. Nf3 Bf5 4. e3 Nf6 5. c4 e6 6. a3 Ne4 7. cxd5 exd5 8. Qb3
b6 9. Bb5 Qd7 10. Ne5 Qe7 11. Bxc6+ Kd8 12. Bxa8 Qh4 13. Qxd5+ Ke7 14. Qxf7+
Kd8 15. Nc6+ Kc8 16. Qxc7# 1-0

[Event "?"]
[Site "?"]
[Date "2020.01.05"]
[Round "5.23"]
[White "Majid, Hakim"]
[Black "Koberstein, Simon"]
[Result "0-1"]
[WhiteElo "1528"]
[BlackElo "1024"]
[PlyCount "78"]
[EventDate "2020.??.??"]
[WhiteTeam "SW Nürnberg Süd"]
[BlackTeam "SC Postbauer-Heng"]

1. e4 e5 2. Nf3 Nc6 3. Bc4 Nf6 4. Nc3 Nxe4 5. Bxf7+ Kxf7 6. Nxe4 d5 7. Ng3 e4
8. Ng1 Bc5 9. Qh5+ g6 10. Qe2 Nd4 11. Qd1 Qf6 12. f3 exf3 13. Nxf3 Nxf3+ 14.
Qxf3 Re8+ 15. Ne2 Be6 16. Qxf6+ Kxf6 17. d4 Bd6 18. Rf1+ Kg7 19. Bf4 Bg4 20.
Be5+ Bxe5 21. dxe5 Rxe5 22. Rf2 Rae8 23. O-O-O Bxe2 24. Re1 Bh5 25. Rxe5 Rxe5
26. Kd2 c5 27. h3 g5 28. g4 Bg6 29. c3 d4 30. Re2 dxc3+ 31. bxc3 Rd5+ 32. Ke1
Kf7 33. Re3 Bc2 34. Kf2 Rd2+ 35. Re2 Rxe2+ 36. Kxe2 Ke6 37. Ke3 Ke5 38. Kd2 Bb1
39. a3 Kf4 0-1

[Event "?"]
[Site "?"]
[Date "2020.01.05"]
[Round "5.25"]
[White "Odnoralova, Elizaveta"]
[Black "Albayrak, Melissa"]
[Result "0-1"]
[WhiteElo "1045"]
[BlackElo "1225"]
[PlyCount "102"]
[EventDate "2020.??.??"]
[WhiteTeam "SC Noris-Tarrasch Nürnberg"]
[BlackTeam "SC Noris-Tarrasch Nürnberg"]

1. d4 d5 2. Nf3 Nc6 3. h3 Nf6 4. b3 e6 5. Bb2 h6 6. e3 a6 7. Bd3 Bd6 8. O-O O-O
9. Ne5 Bd7 10. Nd2 Nb4 11. Be2 c5 12. Nxd7 Nxd7 13. Bh5 Nf6 14. Bg4 Re8 15. a3
Nc6 16. Nf3 cxd4 17. exd4 Nxg4 18. hxg4 Qf6 19. Bc1 e5 20. g5 hxg5 21. Bxg5 Qf5
22. Qd2 Nxd4 23. Nh4 Qxc2 24. Qe3 Qxb3 25. Qxb3 Nxb3 26. Rad1 Nd4 27. Rfe1 f6
28. Be3 Nc2 29. Re2 Nxe3 30. Rxe3 d4 31. Rb3 b5 32. Nf5 Bc5 33. Rc1 Rec8 34.
Ng3 a5 35. Rxb5 Bxa3 36. Rxc8+ Rxc8 37. Rxa5 Bb2 38. Ra7 Rc6 39. Nf5 g5 40.
Ne7+ Kg7 41. Nxc6+ Kg6 42. Ra6 Kf5 43. f3 d3 44. Nb4 d2 45. Rd6 Bd4+ 46. Kh2
d1=Q 47. g4+ Kg6 48. Nd5 Qg1+ 49. Kh3 e4 50. fxe4 Be5 51. Rc6 Qh2# 0-1